The Oxford handbook of the politics of international migration / (Record no. 26446)
[ view plain ]
| 000 -LEADER | |
|---|---|
| fixed length control field | 01220cam a22003135a 4500 |
| 001 - CONTROL NUMBER | |
| control field | 17179757 |
| 005 - DATE AND TIME OF LATEST TRANSACTION | |
| control field | 20180401150526.0 |
| 008 - FIXED-LENGTH DATA ELEMENTS--GENERAL INFORMATION | |
| fixed length control field | 120224t2012 enk frbf 001 0 eng d |
| 010 ## - LIBRARY OF CONGRESS CONTROL NUMBER | |
| LC control number | 2012006854 |
| 020 ## - INTERNATIONAL STANDARD BOOK NUMBER | |
| International Standard Book Number | 9780195337228 (alk. paper) |
| 040 ## - CATALOGING SOURCE | |
| Original cataloging agency | DLC |
| Language of cataloging | eng |
| Transcribing agency | DLC |
| Modifying agency | DLC |
| -- | EG-ScBUE |
| 082 04 - DEWEY DECIMAL CLASSIFICATION NUMBER | |
| Classification number | 325 |
| Item number | OXF |
| Edition number | 22 |
| 245 04 - TITLE STATEMENT | |
| Title | The Oxford handbook of the politics of international migration / |
| Statement of responsibility, etc | edited by Marc R. Rosenblum and Daniel J. Tichenor. |
| 246 30 - VARYING FORM OF TITLE | |
| Title proper/short title | Politics of international migration |
| 260 ## - PUBLICATION, DISTRIBUTION, ETC. (IMPRINT) | |
| Place of publication, distribution, etc | Oxford : |
| -- | New York : |
| Name of publisher, distributor, etc | Oxford University Press, |
| Date of publication, distribution, etc | 2012. |
| 300 ## - PHYSICAL DESCRIPTION | |
| Extent | xii, 660 p. ; |
| Dimensions | 26 cm. |
| 504 ## - BIBLIOGRAPHY, ETC. NOTE | |
| Bibliography, etc | Includes bibliographical references and index. |
| 650 #7 - SUBJECT ADDED ENTRY--TOPICAL TERM | |
| Topical term or geographic name as entry element | Emigration and immigration |
| General subdivision | History. |
| Source of heading or term | BUEsh |
| 9 (RLIN) | 34405 |
| 650 #7 - SUBJECT ADDED ENTRY--TOPICAL TERM | |
| Topical term or geographic name as entry element | Emigration and immigration |
| General subdivision | Political aspects. |
| Source of heading or term | BUEsh |
| 650 #7 - SUBJECT ADDED ENTRY--TOPICAL TERM | |
| Topical term or geographic name as entry element | Emigration and immigration |
| General subdivision | Social aspects. |
| Source of heading or term | BUEsh |
| 9 (RLIN) | 24315 |
| 650 #7 - SUBJECT ADDED ENTRY--TOPICAL TERM | |
| Topical term or geographic name as entry element | Emigration and immigration |
| General subdivision | Government policy. |
| Source of heading or term | BUEsh |
| 9 (RLIN) | 34429 |
| 650 #7 - SUBJECT ADDED ENTRY--TOPICAL TERM | |
| Topical term or geographic name as entry element | Immigrants |
| General subdivision | Social conditions. |
| Source of heading or term | BUEsh |
| 651 ## - SUBJECT ADDED ENTRY--GEOGRAPHIC NAME | |
| Source of heading or term | BUEsh |
| 653 ## - INDEX TERM--UNCONTROLLED | |
| Resource For college | BAEPS, Political Science |
| Arrived date list | April2018 |
| 655 ## - INDEX TERM--GENRE/FORM | |
| Form subdivision | Reading book |
| -- | 34232 |
| 700 1# - ADDED ENTRY--PERSONAL NAME | |
| Personal name | Rosenblum, Marc R., |
| Relator term | editor. |
| 700 1# - ADDED ENTRY--PERSONAL NAME | |
| Personal name | Tichenor, Daniel J., |
| Dates associated with a name | 1966- |
| Relator term | editor. |
| 9 (RLIN) | 13904 |
| 942 ## - ADDED ENTRY ELEMENTS (KOHA) | |
| Source of classification or shelving scheme | Dewey Decimal Classification |
| Withdrawn status | Item status | Source of classification or shelving scheme | Damaged status | Not for loan | Vendor | Home library | Current library | Shelving location | Date acquired | Source of acquisition | Total Checkouts | Full call number | Barcode | Date last seen | Koha item type | Total Renewals | Date last borrowed |
|---|---|---|---|---|---|---|---|---|---|---|---|---|---|---|---|---|---|
| Dewey Decimal Classification | Baccah | Central Library | Central Library | First floor | 01/04/2018 | Purchase | 325 OXF | 000043128 | 15/07/2025 | Book - Borrowing | |||||||
| Dewey Decimal Classification | Baccah | Central Library | Central Library | First floor | 01/04/2018 | Purchase | 1 | 325 OXF | 000043129 | 15/07/2025 | Book - Borrowing | 51 | 26/10/2019 | ||||
| Dewey Decimal Classification | Baccah | Central Library | Central Library | First floor | 01/04/2018 | Purchase | 325 OXF | 000043130 | 15/07/2025 | Book - Borrowing |